LEADER 01337nam a2200301 u 4500 001 000000051192 003 CaOOAMICUS 005 20070226115317.0 008 000911s1988 it b u000 u ita u 020 $a8820426536 035 $a10855168 040 $aPUL(R)$bita 100 1 $aMinciotti Tsoukas, Claudia,$d1947-$0(OLS)http://pul/name/36760 245 13$aI "Torbidi del Trasimeno" (1798) :$banalisi di una rivolta /$cClaudia Minciotti Tsoukas. 260 $aMilano :$bFranco Angeli,$c1988. 300 $a212 p., 1 c. di tav. :$bill., c. geogr. ;$c23 cm 490 1 $aStudi e ricerche storiche ;$v102 504 $aBibliografia: p. 13-24. 651 4$aItalia$xStoria$y1789-1870.$0(OLS)http://pul/subject/6442 651 4$aPerugia$xStoria$ySec. XVIII.$0(OLS)http://pul/subject/21503 830 0$aStudi e ricerche storiche (F. Angeli) ;$v102.$0(OLS)http://pul/title/59813 850 $aPUL 852 $aPUL$W1$xDP1 Fondo Maccarrone$y58$m1521 G 38$j67832$nBK-PRI$b $qFondi$B67832$CPULBib$Z2$F67832 $H $81 941 1 $a1 961 $aINV: F.MAccarrone 996 $6020$a8820426536$9(OLS)http://pul/number/64781 996 $6245$aI "Torbidi del Trasimeno" (1798) :$banalisi di una rivolta$9(OLS)http://pul/title/68820 996 $6260$aMilano :$bFranco Angeli$9(OLS)http://pul/publisher/52903 LEADER 01333nam a2200277 u 4500 001 000000106885 003 CaOOAMICUS 005 20070911132146.0 008 070911s1998 it u000 u ita u 020 $a88-86655-41-X 040 $aPUL$bita$dLDB 100 1 $aLameri, Angelo.$0(OLS)http://pul/name/65595 245 13$aLa traditio instrumentorum e delle insegne nei riti di ordinazione :$bstudio storico-liturgico /$cAngelo Lameri. 260 $aRoma :$bC.L.V. Edizioni liturgiche,$cc1998. 300 $a219 p. ;$c22 cm 490 1 $aBibliotheca "Ephemerides liturgicae".$aSubsidia.$aStudi di liturgia.$aNuova serie ;$v35 504 $aBibliografia : p. [11]-21. 650 4$aLiturgia$xStudi.$0(OLS)http://pul/subject/13193 650 14$aOrdinazione.$0(OLS)http://pul/subject/17442 830 0$aStudi di liturgia. $pNuova serie ;$v35.$0(OLS)http://pul/title/197012 850 $aPUL 852 $aPUL$W1$xSL Religione 1$y3$m15 F 59$j120994$qStampati$B120148$CPULBib$Z2$F120148 $H78278 $82 941 1 $a8 996 $6020$a88-86655-41-X$9(OLS)http://pul/number/135544 996 $6245$aLa traditio instrumentorum e delle insegne nei riti di ordinazione :$bstudio storico-liturgico$9(OLS)http://pul/title/134560 996 $6260$aRoma :$bC.L.V. Edizioni liturgiche$9(OLS)http://pul/publisher/51216